000 00241nam a2200097Ia 4500
001 683685
005 20250826161443.0
008 250824s9999 xx 000 0 und d
245 0 _aALLAHA KOŞAN GENÇ
_cAHMET BULUT
260 _bTİMAŞ YAYINLARI
999 _c683685
_d683685